000
00386nam a22001217a 4500
999
_c
13590
_d
13590
082
_a
954.91
100
_a
پروفیسر ڈاکٹر ایم اے صوفی
245
_a
مادر ملّت محترمہ فاطمہ جننہ حیات و افکار
260
_a
لاہور
_b
علم و عرفان پبلشرز
_c
٢٠٠٣
300
_a
٣٦٠ صفحات
650
_a
Fatima Jinnah
942
_c
BK